Statistics for Danmarks regering 28. juni 2015

Click here to take the quiz!

General Stats

  • This quiz has been taken 61 times
  • The average score is 6 of 17

Answer Stats

HintAnswer% Correct
StatsministerLars Løkke Rasmussen
100%
UdenrigsministerKristian Jensen
62%
Udlændinge-, integrations- og boligministerInger Støjberg
54%
FinansministerClaus hjort Frederiksen
52%
JustitsministerSøren Pind
52%
Kulturminister og kirkeministerBertel Haarder
48%
Minister for børn, undervisning og ligestillingEllen Trane Nørby
32%
Uddannelses- og forskningsministerEsben Lunde Larsen
32%
Miljø- og fødevareministerEva Kjer Hansen
30%
Erhvervs-og vækstministerTroels Lund Poulsen
30%
Sundheds- og ældreministerSophie Løhde
28%
Forsvarsminister og minister for nordisk samarbejdeCarl Holst
26%
SkatteministerKarsten Lauritzen
26%
Energi-, forsynings- og klimaministerLars Christian Lilleholt
20%
Transport- og bygningsministerHans Christian Schmidt
18%
Social- og indenrigsministerKaren Ellemann
18%
BeskæftigelsesministerJørn Neergaard Larsen
8%

Score Distribution

Percentile by Number Answered

Percent of People with Each Score

Your Score History

You have not taken this quiz